Vision of war /

Bibliographic Details
Main Author: Colcord, Lincoln, 1883-1947
Format: Book
Language:English
Published: New York : The Macmillan company, 1915.
Subjects:

MARC

Tag First Indicator Second Indicator Subfields
LEADER 00000cam a2200000 4500
001 in00000029737
005 20151007062921.0
008 750729s1915 nyu n00010 eng u
010 |a  15018916  
035 |a (OCoLC)01486606 
035 |9 AAD6093AM 
040 |c JPL  |d TXA  |d UtOrBLW 
049 |a TXAM  |c [369852] 
050 0 |a D526.2  |b C65 
092 |a 811  |b C687v 
100 1 |a Colcord, Lincoln,  |d 1883-1947. 
245 1 0 |a Vision of war /  |c by Lincoln Colcord... 
264 1 |a New York :  |b The Macmillan company,  |c 1915. 
300 |a 3 pages ., 149 pages ;  |c 19 cm. 
336 |a text  |b txt  |2 rdacontent 
337 |a unmediated  |b n  |2 rdamedia 
338 |a volume  |b nc  |2 rdacarrier 
650 0 |a World War, 1914-1918  |v Poetry. 
999 |a MARS 
999 f f |s 77e93ae8-1002-3bd8-90cd-fcdccf103e18  |i 58c84238-6093-3985-8690-fa6a62ec9695  |t 0 
952 f f |p normal  |a Texas A&M University  |b College Station  |c Sterling C. Evans Library  |d Evans: Library Stacks  |t 0  |e D526.2 C65  |h Library of Congress classification  |i unmediated -- volume  |m A14801214293 
998 f f |a D526.2 C65  |t 0  |l Evans: Library Stacks